000 00532nam a2200181Ia 4500
005 20250923144549.0
008 008 250917s9999 xx 000 0 eng d
037 _aTextual
040 _aDSWL
_beng
_cDSWL
041 _aeng
_2eng
084 _aY31:1:12:2:D, G4
_qDSWL
100 _aAltekar, A S
_9826133
245 0 _aRashtrakutas & their times
_cby A S Altekar
260 _aPoona
_bOriental Book Agency
_c1934
300 _a438p.
942 _cTEXL
_hY31:1:12:2:D, G4
999 _c1440553
_d1440553